ბათუმის შოთა რუსთაველის სახელმწიფო უნივერსიტეტის ბიბლიოთეკა

სტუმარი (ბიბ.ჩანაწერი № 49950)

000 -LEADER
fixed length control field 00609nam a2200229Ia 4500
001 - CONTROL NUMBER
control field 16886
003 - CONTROL NUMBER IDENTIFIER
control field GE_BSU
008 - FIXED-LENGTH DATA ELEMENTS--GENERAL INFORMATION
fixed length control field 181216s||||||||xx |||||||||||||| ||und||
040 ## - CATALOGING SOURCE
Transcribing agency GE_BSU
080 ## - UNIVERSAL DECIMAL CLASSIFICATION NUMBER
Universal Decimal Classification number 821.353.1-31
100 ## - MAIN ENTRY--PERSONAL NAME
Personal name გეგეშიძე, გურამ
245 ## - TITLE STATEMENT
Title სტუმარი
245 ## - TITLE STATEMENT
Remainder of title რომანი
245 ## - TITLE STATEMENT
Statement of responsibility, etc. რედ. მ.ჯაფარიძე
260 ## - PUBLICATION, DISTRIBUTION, ETC.
Place of publication, distribution, etc. თბილისი
260 ## - PUBLICATION, DISTRIBUTION, ETC.
Name of publisher, distributor, etc. მერანი
260 ## - PUBLICATION, DISTRIBUTION, ETC.
Date of publication, distribution, etc. 1976
300 ## - PHYSICAL DESCRIPTION
Extent 250გვ. ; 20სმ.
653 ## - INDEX TERM--UNCONTROLLED
Uncontrolled term რომანი
653 ## - INDEX TERM--UNCONTROLLED
Uncontrolled term სტუმარი
942 ## - ADDED ENTRY ELEMENTS (KOHA)
Koha item type წიგნი
ეგზემპლარები
Withdrawn status Lost status Damaged status Not for loan Date acquired Barcode Date last seen Price effective from Koha item type
        2018-12-17 21916 2018-12-17 2018-12-17 წიგნი
        2018-12-17 21917 2018-12-17 2018-12-17 წიგნი
        2018-12-17 21918 2018-12-17 2018-12-17 წიგნი
        2018-12-17 21919 2018-12-17 2018-12-17 წიგნი
        2018-12-17 21920 2018-12-17 2018-12-17 წიგნი
        2018-12-17 21921 2018-12-17 2018-12-17 წიგნი
        2018-12-17 21922 2018-12-17 2018-12-17 წიგნი
        2018-12-17 21923 2018-12-17 2018-12-17 წიგნი